000 00485nam a2200193Ia 4500
001 65782
008 130101n ii |||gr||||Z||||||asm
020 _a8185911215
082 _a891.41
100 _aBorgohain, Homen.
245 0 _aA Aa K Kh
_cBy Homen Borgohain
_hTextual Documents
250 _a8th edn.
260 _aGuwahati
_bStudent`s Stores
300 _a47pg:
_c30cm.
653 _aAssamese
653 _aAphala & Kaphala
653 _aG-H B Collection
942 _2ddc
_cBK
999 _c66875
_d66875